| Tag |
First Indicator |
Second Indicator |
Subfields |
| LEADER |
00000cam a2200000 a 4500 |
| 001 |
in00001393607 |
| 005 |
20151020052340.0 |
| 008 |
961118s1995 lu a b 001 0 eng d |
| 020 |
|
|
|a 3718656620
|
| 035 |
|
|
|a (OCoLC)35953000
|
| 035 |
|
|
|9 AHM3973AM
|
| 040 |
|
|
|a ORE
|c ORE
|d AGL
|d TXA
|d UtOrBLW
|
| 049 |
|
|
|a TXAM
|
| 070 |
0 |
|
|a SF542.7.S81
|b 1995
|
| 072 |
|
0 |
|a L210
|a L200
|a L003
|
| 090 |
|
|
|a SF542.7
|b .S81 1995
|
| 100 |
1 |
|
|a Strunnikov, V. A.
|q (Vladimir Aleksandrovich)
|
| 245 |
1 |
0 |
|a Control over reproduction, sex, and heterosis of the silkworm /
|c V.A. Strunnikov.
|
| 264 |
|
1 |
|a Luxembourg ;
|a Newark, N.J. :
|b Harwood Academic,
|c [1995]
|
| 264 |
|
4 |
|c ©1995
|
| 300 |
|
|
|a xiii, 343 pages :
|b illustrations ;
|c 23 cm.
|
| 336 |
|
|
|a text
|b txt
|2 rdacontent
|
| 337 |
|
|
|a unmediated
|b n
|2 rdamedia
|
| 338 |
|
|
|a volume
|b nc
|2 rdacarrier
|
| 504 |
|
|
|a Includes bibliographical references and index.
|
| 650 |
|
0 |
|a Silkworms
|x Reproduction.
|
| 650 |
|
0 |
|a Silkworms
|x Genetic engineering.
|
| 650 |
|
0 |
|a Heterosis.
|
| 948 |
|
|
|a C:BLW
|d 20030215
|
| 999 |
|
|
|a MARS
|
| 999 |
f |
f |
|s 5fda8da5-54f3-31d4-93af-466dbc0482c9
|i e828397e-8dea-3256-aa09-68f7757cb732
|t 0
|
| 952 |
f |
f |
|p ric
|a Texas A&M University
|b Rellis Campus
|c Joint Library Facility
|d Remote Storage
|t 0
|e SF542.7 .S81 1995
|h Library of Congress classification
|i unmediated -- volume
|m A14822111387
|
| 998 |
f |
f |
|a SF542.7 .S81 1995
|t 0
|l Remote Storage
|